00405nam a2200157Ia 4500008004100000020001800041041000800059082001600067100001800083245004500101250001200146260002600158300002800184365001700212700001800229230718s9999 xx 000 0 und d a9783662015643 aeng a612.78bFLA aFlanagan J.L. aSpeech Analysis Synthesis And Perception a2nd ed. c1983bSpringer Verlag a444dRef 1581 C (54239) cRs.b6828.71 aFlanagan J.L.